|
|
|
|
| LEADER |
00000nab a2200000 a 4500 |
| 001 |
vtls000660398 |
| 003 |
SK-MaSNL |
| 005 |
20260304083437.0 |
| 008 |
250425c1998 xo 0 slo |
| 015 |
|
|
|a SNBRB1998/04-11668
|
| 035 |
|
|
|a CLN000012590
|
| 035 |
|
|
|a urn:nbn:sk:snk-abhzu
|
| 035 |
|
|
|a (urnnbn)urn:nbn:sk:snk:ar-00515z
|
| 035 |
|
|
|a (uuid)940b27d1-6f90-4e77-829f-2fce8e953c63
|
| 040 |
|
|
|a SNKBUCL
|b slo
|c SNKBUCL
|e AACR2
|
| 041 |
0 |
|
|a slo
|
| 044 |
|
|
|a xo
|c SK
|
| 080 |
|
|
|a 623.746.4
|2 1997
|
| 080 |
|
|
|a 629.735.3
|2 1997
|
| 100 |
1 |
|
|a Szabo, Stanislav,
|d 1970-
|4 aut
|9 132391
|
| 245 |
1 |
0 |
|a Európske taktické lietadlá
|b Panavia Tornado
|c Stanislav Szabo, Daniel Kottfer
|
| 300 |
|
|
|b Fotogr.
|
| 500 |
|
|
|a Pokračovanie
|
| 650 |
0 |
7 |
|a Panavia Tornado (vojenské lietadlo)
|2 SNK
|9 1374124
|
| 650 |
0 |
7 |
|a technické parametre
|2 SNK
|9 452097
|
| 650 |
0 |
7 |
|a stíhacie bombardovacie lietadlá
|2 SNKPH
|9 1104412
|
| 655 |
|
7 |
|a články z novín a časopisov
|2 SNK
|9 267496
|
| 700 |
1 |
|
|a Kottfer, Daniel,
|d 1959-
|4 aut
|9 151393
|
| 773 |
0 |
|
|t Apológia
|g Roč. 6, č. 2 (1998), s. 22-24
|x 1335-0463
|
| 850 |
|
|
|a Slovenská národná knižnica
|
| 852 |
|
|
|a Slovenská národná knižnica
|
| 954 |
|
|
|a odborná, vedecká literatúra pôvodná (slovenská)
|2 lita
|
| 958 |
|
|
|a article2022
|
| 958 |
|
|
|a OND
|
| 958 |
|
|
|a EUIPO
|
| 992 |
|
|
|a RBX
|
| 999 |
|
|
|c 2800541
|d 2802471
|